LEADER 01064nam a2200265 u 4500 001 000000052186 003 CaOOAMICUS 005 20070226115424.0 008 001010s1965 enk u000 u eng u 035 $a10857795 040 $aPUL(R)$bita 100 1 $aLocke, John,$d1632-1704.$0(OLS)http://pul/name/8515 245 12$aA essay concerning human understanding /$cJohn Locke ; edited with an introduction by John W. Yolton. 260 $aLondon :$bDent,$c1965. 300 $a2 v. ;$c20 cm 490 1 $aEveryman's library ;$v332- 500 $aInclude breve biografia. 700 1 $aYolton, John W.$0(OLS)http://pul/name/37326 830 0$aEveryman's library ;$v332-$0(OLS)http://pul/title/68885 850 $aPUL 852 $aPUL$W1$xDP1 Fondo Ciprotti$y59$m1545 C 37$j69023$nBK-PRI$b $qFondi$B69023$CPULBib$Z2$F69023 $H $81 941 1 $a1 961 $aINV: Fondo Ciprotti 996 $6245$aA essay concerning human understanding$9(OLS)http://pul/title/69989 996 $6260$aLondon :$bDent$9(OLS)http://pul/publisher/68222 LEADER 01648nam a2200361 a 4500 001 000000135283 003 CaOOAMICUS 005 20130903113828.0 008 130903s2013 it u000 u ita r 020 $a978-88-6689-237-3 040 $aPUL$bita 082 $a348.45 110 1 $aItalia.$0(OLS)http://pul/name/1188 240 10$aCodice di procedura civile (2013).$0(OLS)http://pul/title/171076 245 10$aCodice di procedura civile:$bcommentato con la giurisprudenza /$ca cura di Francesco Bartolini, Pietro Savarro. 250 $a33. ed. 260 $aPiacenza :$bLa Tribuna,$cİ2013. 300 $a2490 p. ;$c21 cm 490 1 $aI codici commentati con la giurisprudenza 500 $aTesto su colonne. 500 $aSulla cop.: Aggiornato con le nuove norme sul pignoramento e le notificazioni telematiche. 650 4$aProcedura civile$zItalia.$0(OLS)http://pul/subject/14566 700 1 $aSavarro, Pietro.$0(OLS)http://pul/name/70838 700 1 $aBartolini, Francesco,$d1942-$0(OLS)http://pul/name/35926 830 2$aI codici commentati con la giurisprudenza.$0(OLS)http://pul/title/135813 850 $aPUL 852 $aPUL$W1$xDP2 Diritto e Scienze Sociali 3$y110$m348. 45 COD 3.2.31$j155873$qDDC 21$B155304$CPULBib$Z2$F155304 $H122817 $82 941 1 $a9 996 $6020$a978-88-6689-237-3$9(OLS)http://pul/number/153471 996 $6082$a348.45$9(OLS)http://pul/classification/373 996 $6245$aCodice di procedura civile:$bcommentato con la giurisprudenza$9(OLS)http://pul/title/144135 996 $6260$aPiacenza :$bLa Tribuna$9(OLS)http://pul/publisher/69734